000 00716cam a22002178i 4500
005 20230626110404.0
008 171106s2018 enk b 001 0 eng
010 _a 2017050232
020 _a9781138657038 (pbk. : alk. paper)
040 _cNIRUC
_dNIRUC
050 0 0 _aHD30.3
_b.F35 2018
100 1 _aFalkheimer, Jesper,
245 1 0 _aStrategic communication :
_ban introduction /
_cJesper Falkheimer and Mats Heide.
264 1 _aNew York, NY :
_bRoutledge,
_c2018
300 _axiv,159p.;
_bill.
_c24cm
504 _aIncludes bibliographical references and index.
650 0 _aCommunication in organizations.
650 0 _aCommunication in management.
700 1 _aHeide, Mats,
_eauthor.
942 _2lcc
_cBK
_n0
999 _c247
_d247